[Event "SVK-chT3A2 2223"]
[Site "Slovakia"]
[Date "2023.01.22"]
[Round "5.6"]
[White "Paracka, Patrik"]
[Black "Vagovsky, Jozef"]
[Result "1-0"]
[WhiteElo "1427"]
[BlackElo "1709"]
[PlyCount "63"]
[EventDate "2022.10.16"]
[EventType "team-tourn"]
[EventRounds "9"]
[EventCountry "SVK"]
[SourceTitle "EXT 2024"]
[Source "ChessBase"]
[SourceDate "2023.10.10"]
[SourceVersion "1"]
[SourceVersionDate "2023.10.10"]
[SourceQuality "1"]
[WhiteTeam "Senica CVC"]
[BlackTeam "Cifer II"]
[WhiteTeamCountry "SVK"]
[BlackTeamCountry "SVK"]

1. d4 Nf6 2. c4 e6 3. Nc3 Bb4 4. e3 0-0 5. Nf3 b6 6. Bd3 Bb7 7. 0-0 Bxc3 8. bxc3 d6 9. Re1 Nbd7 10. e4 e5 11. Bg5 h6 12. Bh4 Re8 13. Qc2 Qe7 14. Re3 Nf8 15. Rae1 Ng6 16. Bg3 Nd7 17. Nd2 Rad8 18. Rf1 c5 19. d5 Bc8 20. f4 exf4 21. Bxf4 Nxf4 22. Rxf4 Ne5 23. Rf1 Bg4 24. Be2 Qg5 25. Rg3 h5 26. Nf3 Qe3+ 27. Rf2 h4 28. Nxh4 Qg5 29. Nf3 Qh5 30. Nxe5 Bxe2 31. Nxf7 Rd7 32. Nxd6 1-0

[Event "SVK-chT3A2 1819"]
[Site "Slovakia"]
[Date "2019.02.24"]
[Round "9.5"]
[White "Zajicek, Ferdinand"]
[Black "Vagovsky, Jozef"]
[Result "1/2-1/2"]
[WhiteElo "1754"]
[BlackElo "1782"]
[PlyCount "104"]
[EventDate "2018.10.07"]
[EventType "team-tourn"]
[EventRounds "11"]
[EventCountry "SVK"]
[SourceTitle "EXT 2020"]
[Source "ChessBase"]
[SourceDate "2019.10.17"]
[SourceVersion "1"]
[SourceVersionDate "2019.10.17"]
[SourceQuality "1"]
[WhiteTeam "Gbely Nafta II"]
[BlackTeam "Cifer"]
[WhiteTeamCountry "SVK"]
[BlackTeamCountry "SVK"]

1. e4 c6 2. d4 d5 3. e5 Bf5 4. Nf3 e6 5. Bd3 Bg4 6. Be2 Ne7 7. c3 Qb6 8. Nbd2 a5 9. Qb3 Nc8 10. Qxb6 Nxb6 11. 0-0 Be7 12. Re1 0-0 13. Nf1 N8d7 14. N3d2 Bxe2 15. Rxe2 Rfd8 16. f4 c5 17. Nf3 a4 18. a3 Nc4 19. N1d2 Na5 20. dxc5 Nb8 21. Nd4 Bxc5 22. Kf1 Nbc6 23. N2f3 Bxd4 24. cxd4 Nb3 25. Rb1 Ncxd4 26. Nxd4 Nxd4 27. Rd2 Nb3 28. Rd3 Rac8 29. Bd2 d4 30. Ke2 Rc2 31. Kd1 Rdc8 32. g3 R2c4 33. Ke2 Kf8 34. Rf3 Rc2 35. Rd3 Ke8 36. Kd1 R2c4 37. h4 Kd7 38. Rf3 Kc6 39. Ke2 Rc2 40. Rd3 Kd5 41. Rxb3 axb3 42. Kd3 f6 43. g4 fxe5 44. fxe5 Kxe5 45. Re1+ Kd5 46. Bf4 Rf2 47. Re5+ Kd6 48. Re4+ Kc5 49. Rxd4 Rf3+ 50. Be3 Kc6 51. Rb4 Rf7 52. Rxb3 Kd5 1/2-1/2

[Event "SVK-chT3A2 1819"]
[Site "Slovakia"]
[Date "2019.01.27"]
[Round "7.6"]
[White "Vagovsky, Jozef"]
[Black "Krist, Milan"]
[Result "1/2-1/2"]
[WhiteElo "1782"]
[BlackElo "1803"]
[PlyCount "98"]
[EventDate "2018.10.07"]
[EventType "team-tourn"]
[EventRounds "11"]
[EventCountry "SVK"]
[SourceTitle "EXT 2020"]
[Source "ChessBase"]
[SourceDate "2019.10.17"]
[SourceVersion "1"]
[SourceVersionDate "2019.10.17"]
[SourceQuality "1"]
[WhiteTeam "Cifer"]
[BlackTeam "Trnava Lokomotiva II"]
[WhiteTeamCountry "SVK"]
[BlackTeamCountry "SVK"]

1. Nf3 d5 2. d4 Nf6 3. Bf4 e6 4. e3 Bd6 5. Ne5 0-0 6. Nd2 c5 7. dxc5 Bxc5 8. c3 Nc6 9. Be2 Bd6 10. Ndf3 Qc7 11. Nd3 e5 12. Ndxe5 Nxe5 13. Bg5 Be6 14. Nd4 a6 15. Bxf6 gxf6 16. f4 Nc4 17. Bxc4 dxc4 18. f5 Bd5 19. Qg4+ Kh8 20. 0-0-0 Rg8 21. Qh4 Be5 22. e4 Bf4+ 23. Kb1 Bg5 24. Qg4 Be3 25. Qh4 Bg5 26. Qg4 Bc6 27. Qf3 Qf4 28. Nxc6 bxc6 29. Qxf4 Bxf4 30. g3 Be5 31. Rd7 Rab8 32. Kc2 Rg4 33. Re1 Kg7 34. Ra7 h5 35. Re2 h4 36. gxh4 Rxh4 37. Rxa6 Rc8 38. Ra4 Rxh2 39. Rxh2 Bxh2 40. Rxc4 Kf8 41. Rd4 Ke7 42. Rd1 Rg8 43. b4 Bf4 44. a4 Rg2+ 45. Kb3 Re2 46. Rd4 Re1 47. Rc4 Kd7 48. a5 Kc7 49. Ka2 Rd1 1/2-1/2

[Event "SVK-chT4 A22 1819"]
[Site "Slovakia"]
[Date "2018.12.02"]
[Round "4.3"]
[White "Zarecky, Eduard"]
[Black "Vagovsky, Jozef"]
[Result "1-0"]
[WhiteElo "1831"]
[BlackElo "1782"]
[PlyCount "83"]
[EventDate "2018.10.14"]
[EventType "team-tourn"]
[EventRounds "11"]
[EventCountry "SVK"]
[SourceTitle "EXT 2020"]
[Source "ChessBase"]
[SourceDate "2019.10.17"]
[SourceVersion "1"]
[SourceVersionDate "2019.10.17"]
[SourceQuality "1"]

1. d4 Nf6 2. c4 e6 3. Nc3 d5 4. e3 c5 5. Nf3 Nc6 6. dxc5 Bxc5 7. a3 0-0 8. b4 Bd6 9. c5 Bb8 10. Bd3 e5 11. Be2 h6 12. Bb2 Be6 13. Qc2 Qc8 14. Rd1 Ne7 15. g3 Nd7 16. Qd2 b6 17. Na4 Qb7 18. Rg1 Rd8 19. Qc3 Rc8 20. Qd2 Rd8 21. Rc1 Rc8 22. Ba1 b5 23. Nc3 a6 24. Nh4 e4 25. f4 exf3 26. Bxf3 Ne5 27. Bg2 Nc4 28. Qe2 Rd8 29. Kf2 Be5 30. Rgd1 Bf6 31. Nf3 Nf5 32. Nd4 Nfxe3 33. Rd3 Ng4+ 34. Kg1 Nge5 35. Nxe6 fxe6 36. Rf1 Qe7 37. Nxd5 exd5 38. Bxd5+ Kh8 39. Bxe5 Ra7 40. Bxc4 bxc4 41. Rxd8+ Qxd8 42. Bxf6 1-0

[Event "SVK-chT3A2 1718"]
[Site "Slovakia"]
[Date "2018.03.04"]
[Round "10.6"]
[White "Vagovsky, Jozef"]
[Black "Hirmajer, Jan"]
[Result "1/2-1/2"]
[WhiteElo "1802"]
[BlackElo "1923"]
[PlyCount "137"]
[EventDate "2017.10.08"]
[EventType "team-tourn"]
[EventRounds "11"]
[EventCountry "SVK"]
[SourceTitle "EXT 2020"]
[Source "ChessBase"]
[SourceDate "2019.10.17"]
[SourceVersion "1"]
[SourceVersionDate "2019.10.17"]
[SourceQuality "1"]
[WhiteTeam "Cifer"]
[BlackTeam "Holic"]
[WhiteTeamCountry "SVK"]
[BlackTeamCountry "SVK"]

1. d4 Nf6 2. c4 g6 3. g3 d5 4. Nf3 Bg7 5. Bg2 0-0 6. cxd5 Nxd5 7. 0-0 Nc6 8. Nc3 Nb6 9. e3 Bg4 10. h3 Be6 11. b3 Nb4 12. Bb2 Qc8 13. Kh2 Rd8 14. a3 N4d5 15. Ne4 Nf6 16. Nc5 Bd5 17. Qc2 Nbd7 18. Nd2 Bxg2 19. Kxg2 c6 20. Rac1 Nxc5 21. Qxc5 Qe6 22. Qc2 Qd7 23. Nf3 Qd5 24. Qc4 Qe4 25. Qc2 Qd5 26. Qc4 Qd6 27. Ne5 e6 28. Qc5 Qd5+ 29. Qxd5 Rxd5 30. Kf3 Nd7 31. Nxd7 Rxd7 32. Rc2 Rd5 33. Rd1 Rad8 34. Rcd2 e5 35. e4 R5d7 36. Ke3 Bh6+ 37. f4 exf4+ 38. gxf4 Bg7 39. Rc1 Bf8 40. b4 a6 41. Rg2 Rd6 42. Rcg1 Bg7 43. Rd1 Re8 44. Kf3 Rde6 45. Re2 R6e7 46. Rd3 Rd7 47. Rd1 Red8 48. Ke3 Bf8 49. Rc2 Ra8 50. Rdc1 Rc8 51. Kf3 Re7 52. Re2 Bh6 53. Rd1 Bg7 54. Rg1 Kf8 55. Rg5 Rd7 56. Ke3 Rcd8 57. Rd2 Bf6 58. Rc5 Be7 59. Rc1 Ke8 60. Rdc2 Rd6 61. Rd1 Kd7 62. Rdc1 Ke8 63. Rg2 R6d7 64. Rgc2 Bf6 65. Rd1 Re7 66. Rc5 Red7 67. Rc4 Bg7 68. Rc2 Rc7 69. Kf3 1/2-1/2

[Event "SVK-ch Seniors 50"]
[Site "Tatranske Matliare"]
[Date "2017.05.28"]
[Round "3"]
[White "Vagovsky, Jozef"]
[Black "Vagner, Ladislav"]
[Result "0-1"]
[WhiteElo "1809"]
[BlackElo "1907"]
[PlyCount "86"]
[EventDate "2017.05.27"]
[EventType "swiss"]
[EventRounds "9"]
[EventCountry "SVK"]
[SourceTitle "EXT 2023"]
[Source "ChessBase"]
[SourceDate "2022.10.05"]
[SourceVersion "1"]
[SourceVersionDate "2022.10.05"]
[SourceQuality "1"]

1. d4 Nf6 2. Nf3 d6 3. Bf4 Bf5 4. h3 c6 5. c3 Nbd7 6. e3 e6 7. Bd3 Bg6 8. Bxg6 hxg6 9. Nbd2 Qc7 10. e4 e5 11. Bh2 b5 12. 0-0 Be7 13. Qe2 0-0 14. Rfc1 Rfe8 15. dxe5 dxe5 16. a3 Bd6 17. Ne1 Qb7 18. Nd3 Rad8 19. c4 c5 20. cxb5 Qxb5 21. Nc4 Bf8 22. f3 g5 23. Qc2 Qb8 24. Qc3 Nh5 25. Ndxe5 Nxe5 26. Bxe5 Qb7 27. Rd1 Qc6 28. Qa5 Rd7 29. Kf2 Nf4 30. Bxf4 gxf4 31. Rxd7 Qxd7 32. Qd2 Qe6 33. Rc1 Qh6 34. Qd5 Qh4+ 35. Kf1 Rd8 36. Qc6 Be7 37. e5 Rd3 38. Qa8+ Bd8 39. Qc6 g6 40. Qa4 Qg3 41. Rd1 Bh4 42. Kg1 Rxf3 43. Qc2 Rf2 0-1

[Event "SVK-chT4 A22 1617"]
[Site "Slovakia"]
[Date "2017.03.12"]
[Round "11.2"]
[White "Pinter, Marek"]
[Black "Vagovsky, Jozef"]
[Result "0-1"]
[WhiteElo "1487"]
[BlackElo "1808"]
[PlyCount "78"]
[EventDate "2016.10.09"]
[EventType "team-tourn"]
[EventRounds "11"]
[EventCountry "SVK"]
[SourceTitle "EXT 2020"]
[Source "ChessBase"]
[SourceDate "2019.10.17"]
[SourceVersion "1"]
[SourceVersionDate "2019.10.17"]
[SourceQuality "1"]

1. e4 c6 2. Nf3 d5 3. exd5 cxd5 4. d4 Bg4 5. Be2 Nc6 6. c3 Qc7 7. h3 Bh5 8. Qb3 e6 9. Bg5 Bd6 10. Nbd2 f6 11. Be3 Nge7 12. Qc2 0-0 13. Bd3 Bg6 14. Bxg6 Nxg6 15. g3 Rac8 16. h4 Nge7 17. h5 Nf5 18. Qd3 Nce7 19. 0-0-0 b5 20. Qxb5 Nxe3 21. fxe3 Nf5 22. Nf1 Bxg3 23. Nxg3 Qxg3 24. Qe2 Qg4 25. Rdg1 Qe4 26. Kd2 Nd6 27. b3 e5 28. h6 exd4 29. Rxg7+ Kh8 30. exd4 Rxc3 31. Qxe4 Nxe4+ 32. Ke2 Re8 33. Kf1 Rxf3+ 34. Kg2 Rf2+ 35. Kh3 Ng5+ 36. Kg3 Rf3+ 37. Kg4 Re4+ 38. Kh5 Ne6 39. Rxa7 Rf5# 0-1

[Event "SVK-chT4 A22 1617"]
[Site "Slovakia"]
[Date "2017.02.26"]
[Round "10.6"]
[White "Vagovsky, Jozef"]
[Black "Lelkes, Bela"]
[Result "1/2-1/2"]
[WhiteElo "1817"]
[BlackElo "1632"]
[PlyCount "46"]
[EventDate "2016.10.09"]
[EventType "team-tourn"]
[EventRounds "11"]
[EventCountry "SVK"]
[SourceTitle "EXT 2020"]
[Source "ChessBase"]
[SourceDate "2019.10.17"]
[SourceVersion "1"]
[SourceVersionDate "2019.10.17"]
[SourceQuality "1"]

1. d4 d5 2. c4 c6 3. Nf3 Nf6 4. Nc3 Bg4 5. Qb3 Qc7 6. cxd5 Bxf3 7. gxf3 cxd5 8. Nxd5 Nxd5 9. Qxd5 e6 10. Qb5+ Nc6 11. Bd2 a6 12. Qc4 b5 13. Qc2 Rc8 14. Rc1 Kd7 15. e3 Bd6 16. f4 Qb6 17. Qd1 Bb4 18. Bd3 g6 19. a3 Bxd2+ 20. Qxd2 Qa5 21. Rc5 Qxd2+ 22. Kxd2 Na5 23. Bc2 Nc4+ 1/2-1/2

[Event "SVK-chT3A2 1617"]
[Site "Slovakia"]
[Date "2017.02.05"]
[Round "8.6"]
[White "Jakubec, Milan"]
[Black "Vagovsky, Jozef"]
[Result "1-0"]
[WhiteElo "2041"]
[BlackElo "1871"]
[PlyCount "57"]
[EventDate "2016.10.16"]
[EventType "team-tourn"]
[EventRounds "11"]
[EventCountry "SVK"]
[SourceTitle "EXT 2020"]
[Source "ChessBase"]
[SourceDate "2019.10.17"]
[SourceVersion "1"]
[SourceVersionDate "2019.10.17"]
[SourceQuality "1"]
[WhiteTeam "Holic"]
[BlackTeam "Cifer"]
[WhiteTeamCountry "SVK"]
[BlackTeamCountry "SVK"]

1. e4 c6 2. d4 d5 3. exd5 cxd5 4. Bd3 Nc6 5. c3 Nf6 6. h3 Ne4 7. Bf4 Bf5 8. Qc2 Bg6 9. h4 h5 10. f3 Nd6 11. Bxg6 fxg6 12. Qxg6+ Kd7 13. Nd2 Qe8 14. Qxe8+ Rxe8 15. Bxd6 Kxd6 16. f4 e6 17. Ngf3 Be7 18. Ke2 Kd7 19. Kd3 Rhf8 20. g3 Bf6 21. Rae1 b6 22. Re2 Kc7 23. Rhe1 Kd7 24. Nb3 g6 25. Nc1 Kd6 26. Kd2 Bd8 27. Ne5 Nxe5 28. Rxe5 Bf6 29. R5e2 1-0

[Event "SVK-chT3A2 1617"]
[Site "Slovakia"]
[Date "2016.11.27"]
[Round "4.4"]
[White "Danada, Tomas"]
[Black "Vagovsky, Jozef"]
[Result "1-0"]
[WhiteElo "2241"]
[BlackElo "1871"]
[PlyCount "69"]
[EventDate "2016.10.16"]
[EventType "team-tourn"]
[EventRounds "11"]
[EventCountry "SVK"]
[SourceTitle "EXT 2020"]
[Source "ChessBase"]
[SourceDate "2019.10.17"]
[SourceVersion "1"]
[SourceVersionDate "2019.10.17"]
[SourceQuality "1"]
[WhiteTeam "Gbely Nafta"]
[BlackTeam "Cifer"]
[WhiteTeamCountry "SVK"]
[BlackTeamCountry "SVK"]

1. e4 e6 2. Nf3 d5 3. e5 c5 4. b4 Qb6 5. bxc5 Bxc5 6. d4 Be7 7. Bd3 Bd7 8. a4 Nc6 9. c3 Na5 10. Ra2 Qb3 11. Qe2 Rc8 12. 0-0 Nh6 13. Bg5 Nc4 14. Bxe7 Kxe7 15. Ng5 Bxa4 16. Bxc4 Qxc4 17. Qxc4 Rxc4 18. Nd2 Rxc3 19. Rxa4 a6 20. Rb1 Rc7 21. Nb3 Rhc8 22. g4 f6 23. Nf3 Nf7 24. exf6+ gxf6 25. Nc5 Nd6 26. Re1 Ne4 27. Nxe4 dxe4 28. Rxe4 Rc4 29. Ra5 Kd6 30. Kg2 Rg8 31. Rf4 Ke7 32. Rh5 Rg7 33. Rh6 Rf7 34. g5 e5 35. gxf6+ 1-0

[Event "SVK-chT4 A22 1617"]
[Site "Slovakia"]
[Date "2016.11.06"]
[Round "3.4"]
[White "Holicky, Miroslav"]
[Black "Vagovsky, Jozef"]
[Result "1-0"]
[WhiteElo "1762"]
[BlackElo "1868"]
[PlyCount "81"]
[EventDate "2016.10.09"]
[EventType "team-tourn"]
[EventRounds "11"]
[EventCountry "SVK"]
[SourceTitle "EXT 2020"]
[Source "ChessBase"]
[SourceDate "2019.10.17"]
[SourceVersion "1"]
[SourceVersionDate "2019.10.17"]
[SourceQuality "1"]

1. d4 Nf6 2. c4 e6 3. Nf3 Bb4+ 4. Nbd2 0-0 5. a3 Be7 6. e4 d6 7. Be2 b6 8. b3 c5 9. dxc5 bxc5 10. Bb2 Nbd7 11. e5 dxe5 12. Nxe5 Qc7 13. Ndf3 Rd8 14. Nxf7 Bb7 15. Nxd8 Rxd8 16. 0-0 Re8 17. Ng5 Bd6 18. Bf3 Bxh2+ 19. Kh1 Be5 20. Bxe5 Qxe5 21. Bxb7 Qxg5 22. Qf3 Rb8 23. Ba6 Qh4+ 24. Qh3 Qxh3+ 25. gxh3 Rxb3 26. Kg2 Rb6 27. Bb5 Kf7 28. Bxd7 Nxd7 29. Rab1 Rd6 30. Rfd1 Rxd1 31. Rxd1 Nb6 32. Kf3 Nxc4 33. Rd7+ Kf6 34. Rxa7 Nb2 35. a4 g6 36. a5 Nd3 37. Rc7 Ne5+ 38. Ke4 Nc4 39. a6 Nd6+ 40. Ke3 h5 41. Rxc5 1-0

[Event "SVK-chT3A2 1516"]
[Site "Slovakia"]
[Date "2016.03.06"]
[Round "9.5"]
[White "Kubik, Peter1111"]
[Black "Vagovsky, Jozef"]
[Result "1/2-1/2"]
[WhiteElo "1838"]
[BlackElo "1889"]
[PlyCount "144"]
[EventDate "2015.10.11"]
[EventType "team-tourn"]
[EventRounds "11"]
[EventCountry "SVK"]
[SourceTitle "EXT 2020"]
[Source "ChessBase"]
[SourceDate "2019.10.17"]
[SourceVersion "1"]
[SourceVersionDate "2019.10.17"]
[SourceQuality "1"]
[WhiteTeam "Skalica II"]
[BlackTeam "Cifer"]
[WhiteTeamCountry "SVK"]
[BlackTeamCountry "SVK"]

1. e4 c6 2. d4 d6 3. Nc3 Nf6 4. Nf3 Bg4 5. h3 Bh5 6. Be3 e6 7. Bd3 d5 8. e5 Nfd7 9. a3 c5 10. g4 Bg6 11. h4 Bxd3 12. Qxd3 Nc6 13. Qb5 Qc7 14. dxc5 a6 15. Qe2 Bxc5 16. Bxc5 Nxc5 17. 0-0-0 Nd7 18. Rhe1 0-0 19. g5 Rab8 20. Qd3 Ndxe5 21. Nxe5 Nxe5 22. Qg3 f6 23. gxf6 Rxf6 24. Qxe5 Rc8 25. Qxc7 Rxc7 26. Re2 Rc4 27. Rde1 Kf7 28. h5 Rc6 29. Nd1 Rh6 30. Re5 Rc4 31. Rg1 Rf4 32. Reg5 g6 33. hxg6+ Rxg6 34. Rxg6 hxg6 35. Kd2 Kf6 36. Rh1 Kg7 37. Rh3 g5 38. Rc3 Rf7 39. Ke3 e5 40. Rc5 Rd7 41. c3 Kf6 42. f3 Ke6 43. Nf2 Rf7 44. Rc8 d4+ 45. cxd4 exd4+ 46. Ke2 Kd5 47. Ne4 b6 48. Nxg5 Rg7 49. f4 Re7+ 50. Kd2 Re3 51. f5 Rg3 52. f6 Rg2+ 53. Ke1 Rg1+ 54. Kf2 Rxg5 55. Ke2 Rf5 56. Rf8 a5 57. f7 Ke6 58. Rb8 Rxf7 59. Rxb6+ Kd5 60. Rb5+ Kc4 61. Rxa5 d3+ 62. Ke1 Re7+ 63. Kd1 Re2 64. Ra4+ Kc5 65. Rb4 Rg2 66. Rb8 Kc4 67. Rc8+ Kd4 68. Rb8 Ke3 69. Re8+ Kd4 70. a4 Rxb2 71. Rd8+ Ke3 72. Re8+ Kd4 1/2-1/2

[Event "Olomouc Seniors op 18th"]
[Site "Olomouc"]
[Date "2015.08.18"]
[Round "5"]
[White "Collins, Alan"]
[Black "Vagovsky, Jozef"]
[Result "1-0"]
[WhiteElo "1708"]
[BlackElo "1939"]
[PlyCount "113"]
[EventDate "2015.08.15"]
[EventType "swiss"]
[EventRounds "9"]
[EventCountry "CZE"]
[SourceTitle "EXT 2016"]
[Source "ChessBase"]
[SourceDate "2015.10.08"]
[SourceVersion "1"]
[SourceVersionDate "2015.10.08"]
[SourceQuality "1"]

1. c4 e5 2. Nc3 Nf6 3. d3 Bb4 4. g3 0-0 5. Bg2 d5 6. cxd5 Nxd5 7. Bd2 Nb6 8. h3 Be7 9. Nf3 Nc6 10. 0-0 a5 11. Rc1 Re8 12. Be3 h6 13. Bxb6 cxb6 14. a4 Be6 15. Nb5 Bc5 16. Nd2 Qd7 17. Nc4 Rac8 18. b3 Bd5 19. Bxd5 Qxd5 20. Ne3 Qe6 21. Qc2 e4 22. Nc4 Nb4 23. Qb1 exd3 24. exd3 Red8 25. Rcd1 Qf6 26. d4 Bxd4 27. Qe4 Nc6 28. Nxd4 Rxd4 29. Rxd4 Qxd4 30. Qf5 Ne7 31. Qf3 Qd5 32. Qe3 Qc5 33. Qf3 Nc6 34. Rd1 Rd8 35. Rxd8+ Nxd8 36. Qd3 Ne6 37. Qd7 Qc6 38. Qd3 b5 39. Nxa5 Qc1+ 40. Kg2 b6 41. Nb7 Qc6+ 42. Qf3 Qxf3+ 43. Kxf3 Nd4+ 44. Ke4 Nxb3 45. axb5 f5+ 46. Kd5 Nd2 47. Nd6 g6 48. Kc6 Nb3 49. Kxb6 Nd4 50. Kc5 Nxb5 51. Nxb5 Kg7 52. Kd4 Kf6 53. Nc3 Ke6 54. h4 Kd6 55. f4 h5 56. Na4 Ke6 57. Nb2 1-0

[Event "SVK-chT3A2 1415"]
[Site "Slovakia"]
[Date "2015.01.11"]
[Round "6.6"]
[White "Filip, Frantisek"]
[Black "Vagovsky, Jozef"]
[Result "1/2-1/2"]
[WhiteElo "1773"]
[BlackElo "1927"]
[PlyCount "50"]
[EventDate "2014.10.19"]
[EventType "team-tourn"]
[EventRounds "11"]
[EventCountry "SVK"]
[SourceTitle "EXT 2019"]
[Source "ChessBase"]
[SourceDate "2018.10.10"]
[SourceVersion "1"]
[SourceVersionDate "2018.10.10"]
[SourceQuality "1"]

1. c4 Nf6 2. Nc3 e6 3. g3 Nc6 4. Bg2 Bb4 5. e4 0-0 6. Nge2 e5 7. 0-0 Re8 8. a3 Bf8 9. d3 a5 10. Be3 Ng4 11. h3 Nxe3 12. fxe3 d6 13. Kh2 Re6 14. Ng1 Rh6 15. d4 Bd7 16. Qf3 Rf6 17. Qh5 g6 18. Qe2 Rxf1 19. Rxf1 exd4 20. exd4 Nxd4 21. Qf2 Bg7 22. Qxf7+ Kh8 23. Nd5 c6 24. Ne3 Be6 25. Qf2 Qc7 1/2-1/2

[Event "Olomouc Seniors op"]
[Site "Olomouc"]
[Date "2014.07.31"]
[Round "2"]
[White "Puobis, Jozef"]
[Black "Vagovsky, Jozef"]
[Result "1/2-1/2"]
[WhiteElo "1855"]
[BlackElo "1936"]
[PlyCount "25"]
[EventDate "2014.07.30"]
[EventType "swiss"]
[EventRounds "9"]
[EventCountry "CZE"]
[SourceTitle "EXT 2015"]
[Source "ChessBase"]
[SourceDate "2014.11.20"]
[SourceVersion "1"]
[SourceVersionDate "2014.11.20"]
[SourceQuality "1"]

1. d4 Nf6 2. Nf3 e6 3. Bf4 d5 4. e3 Bb4+ 5. c3 Be7 6. h3 0-0 7. Nbd2 c5 8. dxc5 Bxc5 9. Nb3 Bd6 10. Bd3 Nc6 11. Nbd4 e5 12. Nxc6 bxc6 13. Bxe5 1/2-1/2

[Event "SVK-chT3A2 1314"]
[Site "Slovakia"]
[Date "2014.02.16"]
[Round "9.6"]
[White "Kanka, Tomas"]
[Black "Vagovsky, Jozef"]
[Result "0-1"]
[WhiteElo "1688"]
[BlackElo "1930"]
[PlyCount "84"]
[EventDate "2013.10.13"]
[EventType "team-tourn"]
[EventRounds "11"]
[EventCountry "SVK"]
[SourceTitle "EXT 2015"]
[Source "ChessBase"]
[SourceDate "2014.11.20"]
[SourceVersion "1"]
[SourceVersionDate "2014.11.20"]
[SourceQuality "1"]
[WhiteTeam "Gbely Nafta"]
[BlackTeam "Cifer"]
[WhiteTeamCountry "SVK"]
[BlackTeamCountry "SVK"]

1. e4 e6 2. Nf3 d5 3. exd5 exd5 4. d4 c5 5. Bb5+ Nc6 6. 0-0 Bd6 7. dxc5 Bxc5 8. Nc3 Nge7 9. Re1 0-0 10. Bg5 f6 11. Bh4 Bg4 12. h3 Bh5 13. Na4 Bd6 14. Nc3 Kh8 15. Be2 Bf7 16. a3 a6 17. Qd2 Qc7 18. Rad1 Rad8 19. Kh1 Bf4 20. Bg3 Bxg3 21. fxg3 Qxg3 22. b4 b5 23. Bd3 Bh5 24. Ne2 Qf2 25. Rf1 Qb6 26. Nf4 Bf7 27. Qe1 Rd6 28. Qh4 f5 29. Rde1 Ng6 30. Nxg6+ Bxg6 31. g4 Qd8 32. Ng5 h6 33. gxf5 Qxg5 34. Qxg5 hxg5 35. fxg6 Kg8 36. Rg1 Nd4 37. Re7 Rdf6 38. Rxg5 Nf5 39. Re5 Nh4 40. Rxd5 Rf2 41. Rd6 Re8 42. Rxa6 Nf3 0-1

[Event "Liechtenstein op 31st"]
[Site "Triesen"]
[Date "2013.05.03"]
[Round "1"]
[White "Habibi, Ali"]
[Black "Vagovsky, Jozef"]
[Result "1-0"]
[WhiteElo "2285"]
[BlackElo "1934"]
[PlyCount "107"]
[EventDate "2013.05.03"]
[EventType "swiss"]
[EventRounds "9"]
[EventCountry "LIE"]
[SourceTitle "CBM 154 Extra"]
[Source "ChessBase"]
[SourceDate "2013.06.25"]
[SourceVersion "2"]
[SourceVersionDate "2013.06.25"]
[SourceQuality "1"]

1. g3 d5 2. Bg2 Nf6 3. d3 c6 4. Nf3 Bg4 5. Nbd2 e6 6. 0-0 Nbd7 7. Qe1 Bd6 8. e4 Qc7 9. b3 0-0 10. Bb2 dxe4 11. dxe4 e5 12. h3 Be6 13. Ng5 Rfe8 14. Nxe6 Rxe6 15. Nc4 Bf8 16. Qe2 b5 17. Ne3 Nc5 18. Nf5 g6 19. Nh4 Bg7 20. Qe3 Qb6 21. Rfe1 Rae8 22. Rad1 Nb7 23. Qe2 Qc5 24. a3 a5 25. c3 Rd8 26. b4 Qe7 27. Rxd8+ Qxd8 28. Rd1 Rd6 29. Rxd6 Qxd6 30. Nf3 Nd7 31. Kh2 Bh6 32. Bf1 Nb6 33. Qc2 Qe6 34. Bc1 Bxc1 35. Qxc1 Nd6 36. bxa5 Nbc4 37. a6 Qc8 38. Bxc4 Nxc4 39. Qg5 Qxa6 40. Nxe5 Qa7 41. Kg2 Qc5 42. Qd8+ Kg7 43. Nxc4 Qxc4 44. Qd4+ Qxd4 45. cxd4 Kf6 46. Kf3 Ke6 47. Ke3 Kd6 48. Kd3 h5 49. f4 Ke6 50. g4 hxg4 51. hxg4 Kd6 52. Kc3 c5 53. dxc5+ Kxc5 54. g5 1-0

[Event "SVK-chT3A2 1213"]
[Site "Slovakia"]
[Date "2013.02.10"]
[Round "8.4"]
[White "Palka, Martin"]
[Black "Vagovsky, Jozef"]
[Result "1-0"]
[WhiteElo "1884"]
[BlackElo "1971"]
[PlyCount "47"]
[EventDate "2012.10.07"]
[EventType "team-tourn"]
[EventRounds "11"]
[EventCountry "SVK"]
[SourceTitle "EXT 2015"]
[Source "ChessBase"]
[SourceDate "2014.11.20"]
[SourceVersion "1"]
[SourceVersionDate "2014.11.20"]
[SourceQuality "1"]
[WhiteTeam "Senica SK"]
[BlackTeam "Cifer"]
[WhiteTeamCountry "SVK"]
[BlackTeamCountry "SVK"]

1. e4 e5 2. Nf3 Nf6 3. Nxe5 d6 4. Nf3 Nxe4 5. Nc3 Nf6 6. d4 Be7 7. Bd3 0-0 8. h3 Nc6 9. a3 Be6 10. Be3 Qd7 11. d5 Bxd5 12. Nxd5 Nxd5 13. Bxh7+ Kxh7 14. Qxd5 Bf6 15. Qh5+ Kg8 16. 0-0-0 g6 17. Qh6 Bg7 18. Qh4 Qe7 19. Ng5 Rfe8 20. Qh7+ Kf8 21. Nf3 Qf6 22. c3 Re4 23. Bh6 Rae8 24. Qh8+ 1-0

[Event "SVK-chT3A2 1213"]
[Site "Slovakia"]
[Date "2012.11.04"]
[Round "3.6"]
[White "Hrubos, Milan"]
[Black "Vagovsky, Jozef"]
[Result "1/2-1/2"]
[WhiteElo "1786"]
[BlackElo "1971"]
[PlyCount "45"]
[EventDate "2012.10.07"]
[EventType "team-tourn"]
[EventRounds "11"]
[EventCountry "SVK"]
[SourceTitle "EXT 2015"]
[Source "ChessBase"]
[SourceDate "2014.11.20"]
[SourceVersion "1"]
[SourceVersionDate "2014.11.20"]
[SourceQuality "1"]
[WhiteTeam "Holic"]
[BlackTeam "Cifer"]
[WhiteTeamCountry "SVK"]
[BlackTeamCountry "SVK"]

1. e4 e6 2. d4 d5 3. Nc3 dxe4 4. Nxe4 Be7 5. c4 Nd7 6. Ne2 Ngf6 7. N2c3 Nxe4 8. Nxe4 b6 9. Bd3 Bb7 10. 0-0 0-0 11. Qc2 h6 12. b3 Nf6 13. Bb2 Nxe4 14. Bxe4 Bxe4 15. Qxe4 Qd6 16. Rfd1 Bf6 17. Bc1 Rad8 18. d5 Rfe8 19. Qg4 Kh7 20. dxe6 Qxe6 21. Qxe6 Rxe6 22. Rxd8 Bxd8 23. Be3 1/2-1/2

[Event "SVK-chT3A2 0910"]
[Site "Slovakia"]
[Date "2010.03.28"]
[Round "11.4"]
[White "Vagovsky, Jozef"]
[Black "Bilovsky, Milan"]
[Result "1-0"]
[WhiteElo "1986"]
[BlackElo "1940"]
[PlyCount "97"]
[EventDate "2009.10.18"]
[EventType "team-tourn"]
[EventRounds "11"]
[EventCountry "SVK"]
[SourceTitle "EXT 2011"]
[Source "ChessBase"]
[SourceDate "2010.11.26"]
[SourceVersion "1"]
[SourceVersionDate "2010.11.26"]
[SourceQuality "1"]
[WhiteTeam "Cifer"]
[BlackTeam "Holic"]
[WhiteTeamCountry "SVK"]
[BlackTeamCountry "SVK"]

1. d4 d5 2. Nf3 Bf5 3. e3 e6 4. c4 c6 5. Nc3 Nf6 6. Nh4 Bg6 7. Qb3 Qc7 8. Bd2 Nbd7 9. Rc1 dxc4 10. Bxc4 Nb6 11. Be2 a6 12. Nxg6 hxg6 13. Bf3 Rd8 14. Ne2 Nbd7 15. Qa4 Nb6 16. Qb3 Nbd7 17. Qa4 Nb6 18. Qa5 Nfd7 19. g3 Be7 20. 0-0 0-0 21. e4 Nf6 22. Bf4 e5 23. Bxe5 Bd6 24. Bxd6 Rxd6 25. e5 Rd5 26. Qc3 Nfd7 27. Bxd5 Nxd5 28. Qd2 N7b6 29. Rfe1 Re8 30. Nc3 Qd7 31. Ne4 Nc8 32. a3 Nce7 33. Nd6 Rb8 34. Rcd1 Nf5 35. Ne4 Re8 36. Nc5 Qc7 37. Qg5 Nfe7 38. g4 Ra8 39. h4 b6 40. Ne4 c5 41. dxc5 bxc5 42. Rc1 c4 43. Nd6 c3 44. bxc3 Nxc3 45. Qf4 Ned5 46. Qf3 Rf8 47. Red1 Qc5 48. Ne4 Rc8 49. Nxc5 1-0